Normal view
MARC view
- هويل، بول/ م . مشارك حسن العزة
Entry Personal Name
001 - CONTROL NUMBER
- control field: 33352
003 - CONTROL NUMBER IDENTIFIER
- control field: JO-AjAnu
005 - DATE AND TIME OF LATEST TRANSACTION
- control field: 20230606075609.0
008 - FIXED-LENGTH DATA ELEMENTS
- fixed length control field: 230606|| aca||aabn | a|a d
040 ## - CATALOGING SOURCE
- Original cataloging agency: JO-AjAnu
- Transcribing agency: JO-AjAnu
100 ## - HEADING--PERSONAL NAME
- Personal name: هويل، بول/ م . مشارك حسن العزة
670 ## - SOURCE DATA FOUND
- Source citation: Work cat.: (JO-AjAnu)17134: هويل، بول/ م . مشارك حسن العزة, author, مبادىء الرياضيات و تطبيقاتها في الاقتصاد و التجارة و العلوم الإدارية